エレベーター大手メーカー5社 - Statistics

General Stats
  • This quiz has been taken 564 times
  • The average score is 3 of 5
Answer Stats
Answer % Correct
日立
84%
三菱
83%
東芝
74%
フジテック
39%
オーチス
31%
No matching quizzes found
Score Distribution
Percent of People with Each Score
Percentile by Number Answered
Your Score History
You have not taken this quiz